00491nam a2200181Ia 4500003000900000008004100009040001300050040001300063041000800076100002000084245013600104250001000240260001600250260000900266300001000275490000600285700001800291IT-RoPAU120407s9999 xx 000 0 und d aIT-RoPAU cIT-RoPAU afra aFliche Augustin aHistoire de l’Eglise. Depuis les origines jusqu’à nos jours. Publiée sous la direction de Augustin Fliche et Victor Martin. aParis aBloud & Gay c1946 c24 cm v1 aVictor Martin